សត្វល្អិតបំផ្លាញពោតក្រហម ដែលស្តុបតាមឃ្លាំង នានា នីទីក្តុងភ្នុំពេញ និងវិធានការការពារ កំចាត់ (Record no. 256)
[ view plain ]
| 000 -LEADER | |
|---|---|
| fixed length control field | 00632nam a22001577a 4500 |
| 003 - CONTROL NUMBER IDENTIFIER | |
| control field | OSt |
| 005 - DATE AND TIME OF LATEST TRANSACTION | |
| control field | 20150910164722.0 |
| 008 - FIXED-LENGTH DATA ELEMENTS--GENERAL INFORMATION | |
| fixed length control field | 150910b xxu||||| |||| 00| 0 eng d |
| 040 ## - CATALOGING SOURCE | |
| Transcribing agency | RUA |
| 082 ## - DEWEY DECIMAL CLASSIFICATION NUMBER | |
| Classification number | AGR យិន 1995 BOO11 Or.1 |
| 100 ## - MAIN ENTRY--PERSONAL NAME | |
| 9 (RLIN) | 275 |
| Personal name | យិន វីណា |
| 245 ## - TITLE STATEMENT | |
| Title | សត្វល្អិតបំផ្លាញពោតក្រហម ដែលស្តុបតាមឃ្លាំង នានា នីទីក្តុងភ្នុំពេញ និងវិធានការការពារ កំចាត់ |
| 260 ## - PUBLICATION, DISTRIBUTION, ETC. (IMPRINT) | |
| Place of publication, distribution, etc. | phnomphen |
| Name of publisher, distributor, etc. | RUA |
| Date of publication, distribution, etc. | 1995 |
| 300 ## - PHYSICAL DESCRIPTION | |
| Extent | 70P. |
| Other physical details | ILL. |
| Dimensions | 29CM. |
| 942 ## - ADDED ENTRY ELEMENTS (KOHA) | |
| Source of classification or shelving scheme | |
| Koha item type | AGR |
| Price effective from | Date last seen | Permanent Location | Not for loan | Date acquired | Source of classification or shelving scheme | Koha item type | Barcode | Lost status | Damaged status | Withdrawn status | Current Location | Full call number |
|---|---|---|---|---|---|---|---|---|---|---|---|---|
| 2015-09-10 | 2015-09-10 | Library Block B | 2015-09-10 | AGR | rua004460 | Library Block B | AGR យិន 1995 BOO11 Or.1 | |||||
| 2015-09-10 | 2015-09-10 | Library Block B | 2015-09-10 | AGR | rua004318 | Library Block B | AGR យិន 1995 BOO11 Or.2 | |||||
| 2015-09-10 | 2015-09-10 | Library Block B | 2015-09-10 | AGR | rua005023 | Library Block B | AGR យិន 1995 BOO11 Or.3 | |||||
| 2015-09-10 | 2015-09-10 | Library Block B | 2015-09-10 | AGR | rua004101 | Library Block B | AGR យិន 1995 BOO11 Or.4 | |||||
| 2015-09-10 | 2015-09-10 | Library Block B | 2015-09-10 | AGR | rua005096 | Library Block B | AGR យិន 1995 BOO11 Or.5 | |||||
| 2015-09-10 | 2015-09-10 | Library Block B | 2015-09-10 | AGR | rua005024 | Library Block B | AGR យិន 1995 BOO11 Or.6 | |||||
| 2015-09-10 | 2015-09-10 | Library Block B | 2015-09-10 | AGR | rua004100 | Library Block B | AGR យិន 1995 BOO11 Or.7 | |||||
| 2016-11-11 | 2016-11-11 | Library Block B | 2016-11-11 | AGR | RUA047527 | Library Block B | AGR យិន 1995 BOO11 Or.9 | |||||
| 2016-09-19 | 2016-09-19 | Library Block C | 2016-09-19 | AGR | A01704 | Library Block C | AGR យិន 1995 BOO11 Or.8 |